A naturalist in Brazil ; the record of a year's observation of her flora, her fauna, and her people /

Bibliographic Details
Main Author: Guenther, Konrad, 1874-
Other Authors: Miall, Bernard, 1876-1953
Format: Book
Language:English
German
Published: Boston And New York : Houghton Mifflin company, 1931.
Subjects:

MARC

Tag First Indicator Second Indicator Subfields
LEADER 00000cam a2200000 4500
001 in00000046010
005 20151007065256.0
008 721006s1931 mau 00000 eng u
010 |a  31028600  
035 |a (OCoLC)00423943 
035 |9 AAE1661AM 
040 |c KSU  |d TXA  |d UtOrBLW 
041 1 |a eng  |a ger 
049 |a TXAM  |c [174484] 
050 0 |a QH117  |b .G82 
092 |a 570.9  |b G927n 
100 1 |a Guenther, Konrad,  |d 1874- 
245 1 2 |a A naturalist in Brazil ;  |b the record of a year's observation of her flora, her fauna, and her people /  |c by Konrad Guenther ... translated by Bernard Miall. 
264 1 |a Boston  |a And New York :  |b Houghton Mifflin company,  |c 1931. 
300 |a 399 pages, 1 unnumbered page :  |b illustrations (including music) XXXII plate (including frontispiece) ;  |c 25 cm. 
336 |a text  |b txt  |2 rdacontent 
337 |a unmediated  |b n  |2 rdamedia 
338 |a volume  |b nc  |2 rdacarrier 
650 0 |a Natural history  |z Brazil. 
651 0 |a Brazil  |x Description and travel. 
700 1 |a Miall, Bernard,  |d 1876-1953. 
999 |a MARS 
999 f f |s e5b2f400-f215-3939-a1c3-6b975646965c  |i 0522fa52-5b6d-3196-8f2a-e0b97636aa81  |t 0 
952 f f |p ric  |a Texas A&M University  |b Rellis Campus  |c Joint Library Facility  |d Remote Storage  |t 0  |e QH117 .G82  |h Library of Congress classification  |i unmediated -- volume  |m A14800966619 
998 f f |a QH117 .G82  |t 0  |l Remote Storage